[Event "Almunecar FEDC op 23th"]
[Site "Almunecar"]
[Date "2019.10.03"]
[Round "6"]
[White "Galvan Dominguez, Santiago"]
[Black "Hernandez Garcia, Jose Manuel"]
[Result "1-0"]
[WhiteElo "1449"]
[BlackElo "1205"]
[PlyCount "65"]
[EventDate "2019.09.28"]
[EventType "swiss"]
[EventRounds "7"]
[EventCountry "ESP"]
[SourceTitle "EXT 2024"]
[Source "ChessBase"]
[SourceDate "2023.10.10"]
[SourceVersion "1"]
[SourceVersionDate "2023.10.10"]
[SourceQuality "1"]

1. Nf3 c5 2. c4 Nc6 3. g3 Nf6 4. Bg2 g6 5. 0-0 Bg7 6. Nc3 0-0 7. d3 e6 8. Bg5 Qb6 9. Na4 Qb4 10. Bd2 Qxd2 11. Qxd2 b6 12. Ne5 Bb7 13. Nxc6 dxc6 14. Nc3 Rad8 15. Qc2 b5 16. cxb5 Nd5 17. Nxd5 cxd5 18. Rac1 Rc8 19. Qd2 e5 20. Rc2 Rfd8 21. Qc1 e4 22. dxe4 c4 23. exd5 Rc5 24. Rxc4 Rxb5 25. b3 Ba6 26. Rc7 Rb6 27. Qe3 Rb7 28. Rxb7 Bxb7 29. Rc1 Bf8 30. Rc7 Bc8 31. Qxa7 Rd7 32. Rxd7 Bxd7 33. Qxd7 1-0

[Event "Madrid FEDC-ch 25th"]
[Site "Madrid"]
[Date "2016.11.10"]
[Round "5"]
[White "Salas Rasilla, Concepcion"]
[Black "Galvan Dominguez, Santiago"]
[Result "1/2-1/2"]
[WhiteElo "1648"]
[BlackElo "1480"]
[PlyCount "52"]
[EventDate "2016.11.06"]
[EventType "swiss"]
[EventRounds "8"]
[EventCountry "ESP"]
[SourceTitle "CBM 175 Extra"]
[Source "ChessBase"]
[SourceDate "2016.12.12"]
[SourceVersion "1"]
[SourceVersionDate "2016.12.12"]
[SourceQuality "1"]

1. Nf3 b6 2. g3 Bb7 3. Bg2 Nf6 4. c4 e6 5. 0-0 Be7 6. Nc3 0-0 7. d4 d5 8. Ne5 Nbd7 9. Nxd7 Qxd7 10. cxd5 exd5 11. Qc2 Rac8 12. Rd1 Rfe8 13. e3 Bf8 14. a3 Ne4 15. Nxe4 dxe4 16. Qe2 Rcd8 17. b4 c5 18. bxc5 bxc5 19. Rb1 Qc8 20. dxc5 Rxd1+ 21. Qxd1 Rd8 22. Qb3 Bd5 23. Qc2 Qxc5 24. Qxc5 Bxc5 25. Bb2 Ba8 26. Rc1 Bb6 1/2-1/2

[Event "Almunecar FEDC op 17th"]
[Site "Almunecar"]
[Date "2016.10.01"]
[Round "7"]
[White "Galvan Dominguez, Santiago"]
[Black "Montilla Bejarano, Carmen"]
[Result "0-1"]
[WhiteElo "1515"]
[BlackElo "1122"]
[PlyCount "138"]
[EventDate "2016.09.25"]
[EventType "swiss"]
[EventRounds "7"]
[EventCountry "ESP"]
[SourceTitle "EXT 2017"]
[Source "ChessBase"]
[SourceDate "2016.10.25"]
[SourceVersion "1"]
[SourceVersionDate "2016.10.25"]
[SourceQuality "1"]

1. Nf3 Nf6 2. b3 Nc6 3. Bb2 g6 4. e3 a6 5. c4 Bg7 6. Be2 d6 7. 0-0 e5 8. d3 0-0 9. Nbd2 Ne7 10. e4 c5 11. Ng5 h6 12. Ngf3 Nc6 13. h3 Qb6 14. Nh4 a5 15. f4 a4 16. f5 g5 17. Nhf3 axb3 18. Qxb3 Qxb3 19. axb3 Rxa1 20. Rxa1 Nb4 21. Kf2 Nc2 22. Rc1 Nd4 23. Nxd4 cxd4 24. b4 b6 25. b5 Bd7 26. Ra1 Rb8 27. Ra7 h5 28. Ba3 Bf8 29. Bxd6 Bxd6 30. Nb3 Rc8 31. Bxh5 Nxh5 32. Rxd7 Bb8 33. Rb7 Bc7 34. c5 bxc5 35. Nxc5 Bd6 36. Nd7 Kg7 37. g3 Nf6 38. Nb6 Rb8 39. Rxb8 Bxb8 40. Nd5 Nxd5 41. exd5 Kf8 42. h4 gxh4 43. gxh4 Kg7 44. Kf3 Kh6 45. Kg4 f6 46. b6 Bd6 47. b7 Bc7 48. h5 Bd6 49. Kh4 Bc7 50. Kg4 e4 51. dxe4 d3 52. Kf3 d2 53. Ke2 Bf4 54. d6 d1Q+ 55. Kxd1 Bxd6 56. Ke2 Kxh5 57. Kf3 Kg5 58. Ke2 Kf4 59. Kd3 Ke5 60. Ke3 Bc7 61. Kd3 Kd6 62. Kd4 Kc6 63. Kc4 Kxb7 64. Kd5 Be5 65. Ke6 Kc6 66. Kf7 Kc5 67. Kg7 Kd4 68. Kh6 Kxe4 69. Kg7 Kf4 0-1

[Event "Almunecar FEDC op 17th"]
[Site "Almunecar"]
[Date "2016.09.29"]
[Round "5"]
[White "Galvan Dominguez, Santiago"]
[Black "Knafo, Michael"]
[Result "1/2-1/2"]
[WhiteElo "1515"]
[BlackElo "1780"]
[PlyCount "41"]
[EventDate "2016.09.25"]
[EventType "swiss"]
[EventRounds "7"]
[EventCountry "ESP"]
[SourceTitle "EXT 2017"]
[Source "ChessBase"]
[SourceDate "2016.10.25"]
[SourceVersion "1"]
[SourceVersionDate "2016.10.25"]
[SourceQuality "1"]

1. Nf3 d5 2. b3 Nf6 3. Bb2 Bf5 4. d3 e6 5. e3 c6 6. Be2 Nbd7 7. Nbd2 Be7 8. 0-0 0-0 9. Ne5 Nxe5 10. Bxe5 Bd6 11. Bxd6 Qxd6 12. Re1 Rad8 13. Bf3 Bg6 14. e4 dxe4 15. Nxe4 Nxe4 16. Bxe4 Bxe4 17. dxe4 Qc5 18. Qe2 Rd7 19. Rad1 Rfd8 20. Rxd7 Rxd7 21. Rd1 1/2-1/2

[Event "Almunecar FEDC op 17th"]
[Site "Almunecar"]
[Date "2016.09.26"]
[Round "2"]
[White "Dos Reis Cabrera, Jose Manuel"]
[Black "Galvan Dominguez, Santiago"]
[Result "1-0"]
[WhiteElo "1203"]
[BlackElo "1515"]
[PlyCount "57"]
[EventDate "2016.09.25"]
[EventType "swiss"]
[EventRounds "7"]
[EventCountry "ESP"]
[SourceTitle "EXT 2017"]
[Source "ChessBase"]
[SourceDate "2016.10.25"]
[SourceVersion "1"]
[SourceVersionDate "2016.10.25"]
[SourceQuality "1"]

1. e4 c6 2. d4 d5 3. Nc3 dxe4 4. Nxe4 Bf5 5. Nc3 e6 6. Nf3 Nf6 7. Be2 Be7 8. 0-0 0-0 9. Bg5 h6 10. Bf4 Nbd7 11. Ne5 Nd5 12. Nxd5 cxd5 13. c3 a6 14. Bh5 Nxe5 15. Bxe5 Bd6 16. Re1 Qc7 17. Rc1 b5 18. a3 Rfc8 19. Bg4 Bh7 20. Re3 Bxe5 21. Rxe5 a5 22. Ra1 Rab8 23. Re2 Rb6 24. Re1 b4 25. Rc1 Rc6 26. Re3 bxa3 27. bxa3 Rc4 28. Be2 Ra4 29. Qxa4 1-0

[Event "Almunecar FEDC op 17th"]
[Site "Almunecar"]
[Date "2016.09.25"]
[Round "1"]
[White "Galvan Dominguez, Santiago"]
[Black "Diaz Illescas, Juan Carlos"]
[Result "0-1"]
[WhiteElo "1515"]
[BlackElo "1888"]
[PlyCount "58"]
[EventDate "2016.09.25"]
[EventType "swiss"]
[EventRounds "7"]
[EventCountry "ESP"]
[SourceTitle "EXT 2017"]
[Source "ChessBase"]
[SourceDate "2016.10.25"]
[SourceVersion "1"]
[SourceVersionDate "2016.10.25"]
[SourceQuality "1"]

1. Nf3 Nf6 2. b3 d6 3. d4 Nbd7 4. Bb2 g6 5. e3 Bg7 6. Nbd2 0-0 7. Be2 c6 8. 0-0 Qc7 9. c4 e5 10. dxe5 dxe5 11. e4 Re8 12. Qc2 Nf8 13. Rfd1 N6d7 14. c5 Qa5 15. a3 Qxc5 16. Rac1 Qxc2 17. Rxc2 Nb6 18. Nc4 Nxc4 19. Bxc4 Bg4 20. Be2 Bxf3 21. Bxf3 Red8 22. Rcd2 Ne6 23. Bg4 Rxd2 24. Rxd2 Nc5 25. b4 Nxe4 26. Re2 f5 27. Bf3 Ng5 28. Bxe5 Re8 29. Bxg7 Nxf3+ 0-1